[Event "Aarhus-ch"]
[Site "Aarhus"]
[Date "1996.??.??"]
[Round "7"]
[White "Pedersen, Daniel Vesterbaek"]
[Black "Nielsen, Uffe V"]
[Result "0-1"]
[WhiteElo "2250"]
[BlackElo "2380"]

1.e4 c5 2.c3 Nf6 3.e5 Nd5 4.d4 cxd4 5.Nf3 d6 6.Bc4 Nb6 7.Bb3 d5 8.cxd4 Bf5
9.Nh4 Bxb1 10.Rxb1 e6 11.Nf3 Be7 12.O-O Nc6 13.Re1 a5 14.a3 Qd7 15.Bg5 a4
16.Bc2 Na5 17.Bxe7 Kxe7 18.Qd2 Qb5 19.Bd3 Nac4 20.Qg5+ Kf8 21.Nd2 h6 22.Qf4 Qd7
23.Rec1 Rc8 24.Rc3 Kg8 25.Nf1 Rc6 26.Rbc1 Qe7 27.R3c2 Qc7 28.Re1 f5 29.Qf3 g6
30.g4 Nd7 31.gxf5 gxf5 32.Qh5 Nf8 33.f4 Rh7 34.Rg2+ Rg7 35.Re2 Kh7 36.Rg5 Qf7
37.Reg2 Rg6 38.Qh4 Kg7 39.Rxg6+ Nxg6 40.Qf2 Kh7 41.Be2 Rc8 42.Kh1 Rg8 43.Ng3 Nd2
44.Nh5 Ne4 45.Qe1 Ne7 46.Rxg8 Qxg8 47.Bf3 Qg6 48.Qe2 Ng8 49.Qc2 Kh8 50.Qg2 Qxg2+
51.Kxg2 Nd2 52.Be2 Nc4 53.Bxc4 dxc4 54.Kf3 Kh7 55.Ke3 Kg6 56.Nf6 Nxf6 57.exf6 Kxf6
58.Kd2 Kg6 59.Kc3 Kh5 60.Kxc4 Kg4 61.Kc5 Kxf4 62.Kd6 Ke4 63.Kxe6 f4 64.d5 f3
65.d6 f2 66.d7 f1=Q 67.d8=Q Qf5+  0-1

[Event "Aegina op"]
[Site "Aegina"]
[Date "1996.??.??"]
[Round "2"]
[White "Kouvatsou, Maria"]
[Black "Grivas, Efstratios"]
[Result "1-0"]
[WhiteElo "2145"]
[BlackElo "2500"]

1.e4 c5 2.c3 Nf6 3.e5 Nd5 4.d4 cxd4 5.Nf3 Nc6 6.Bc4 e6 7.cxd4 d6 8.O-O Be7
9.Nbd2 Nb6 10.Bb3 d5 11.Bc2 O-O 12.Nb3 f5 13.exf6 gxf6 14.Qe2 Rf7 15.Bh6 a5
16.Rad1 a4 17.Nc1 Nb4 18.Bb1 a3 19.b3 Bd7 20.Rfe1 Nc8 21.Nh4 f5 22.Nf3 Bf6
23.Ne5 Re7 24.Qd2 Nc6 25.Re3 Nd6 26.Rg3+ Kh8 27.Bg5 Qf8 28.Qf4 Bxg5 29.Qxg5 Nxe5
30.dxe5 Nb5 31.Ne2 Rc8 32.Qh4 Rg7 33.Nf4 Rxg3 34.hxg3 Qg7 35.Re1 Nc3 36.Nh5 Qf7
37.Nf6 Bb5 38.Qb4 Qf8 39.Qh4 Qe7 40.g4 Nxb1 41.Rxb1 fxg4 42.Qxg4 Bd3 43.Rd1 Bf5
44.Qg5 Bg6 45.Rd4 Qc7 46.Ra4 Bf5 47.Qf4 Qc5 48.Nd7 Qc1+ 49.Qxc1 Rxc1+ 50.Kh2 Rc2
51.Rxa3 Rxf2 52.Ra7 Be4 53.Nc5 Bf5 54.Nxb7 d4 55.Nc5 d3 56.Rd7 d2 57.Na4 Be4
58.Nc3 Rxg2+ 59.Kh3 Bf3 60.a4 Rf2 61.Kg3 Bd5 62.Kxf2  1-0

[Event "BRA-ch"]
[Site "Americana"]
[Date "1996.??.??"]
[Round "1"]
[White "Caldeira, Adriano"]
[Black "Vescovi, Giovanni"]
[Result "0-1"]
[WhiteElo "2220"]
[BlackElo "2490"]

1.e4 c5 2.c3 Nf6 3.e5 Nd5 4.d4 cxd4 5.cxd4 e6 6.Nf3 d6 7.Nc3 Nxc3 8.bxc3 Qc7
9.Bd2 Nd7 10.exd6 Bxd6 11.Bd3 b6 12.O-O Bb7 13.Qe2 O-O 14.Kh1 Bf4 15.Be3 Nf6
16.Qd2 Bd6 17.c4 Bxf3 18.gxf3 e5 19.Bh6 Ne8 20.Rg1 f5 21.c5 bxc5 22.dxc5 Bxc5
23.Bxf5 Kh8 24.Be4 Rd8 25.Bxg7+ Nxg7 26.Qh6 Nf5 27.Bxf5 Rxf5 28.Rac1 Qb7
29.Qh3 Rxf3 30.Qg2 Bxf2 31.Rgf1 Qf7 32.Rc7 Qxc7 33.Qxf3 Bh4 34.Qh5 Qc6+ 35.Kg1 Rg8+  0-1

[Event "Ano Liosia op"]
[Site "Ano Liosia"]
[Date "1996.??.??"]
[Round "2"]
[White "Passakos, Georgios"]
[Black "Grivas, Efstratios"]
[Result "0-1"]
[WhiteElo "2030"]
[BlackElo "2475"]

1.e4 c5 2.c3 Nf6 3.e5 Nd5 4.d4 cxd4 5.Nf3 Nc6 6.Bc4 e6 7.Bxd5 exd5 8.O-O d6
9.Re1 dxe5 10.Nxe5 Nxe5 11.Rxe5+ Be6 12.Qxd4 Be7 13.Re1 O-O 14.Bf4 b6 15.Nd2 Bc5
16.Qd3 d4 17.Qg3 dxc3 18.Ne4 cxb2 19.Be5 f6 20.Bxb2 Bd4 21.Bxd4 Qxd4 22.Nd6 Qg4
23.Qxg4 Bxg4 24.h3 Bh5 25.g4 Bg6 26.Re7 Rad8 27.Nb5 a6 28.Nc7 Rf7 29.Rxf7 Bxf7
30.Nxa6 Rd3 31.Rc1 h5 32.Nb4 Rxh3 33.gxh5 Rxh5 34.Rc8+ Kh7 35.Rb8 b5 36.Kg2 Bc4
37.a3 Re5 38.Kg3 Re1 39.Rb7 Rg1+ 40.Kf4 Ra1 41.Ra7 Rf1 42.Kg3 Kh6 43.Nc2 Rg1+
44.Kh2 Rc1 45.Ne3 Bd3 46.Ng4+ Kg6 47.Kg2 Ra1  0-1

[Event "BEL-chT9596"]
[Site "Antwerp"]
[Date "1996.??.??"]
[Round "?"]
[White "Henris, Luc"]
[Black "Bolzoni, Victor Angel"]
[Result "1/2-1/2"]
[WhiteElo "2280"]
[BlackElo "2305"]

1.e4 c5 2.c3 Nf6 3.e5 Nd5 4.Nf3 Nc6 5.d4 cxd4 6.cxd4 d6 7.a3 dxe5 8.dxe5 e6
9.Bd3 Qc7 10.O-O Be7 11.Qe2 Bd7 12.Re1 Rc8 13.Bd2 a6 14.Nc3 Nxc3 15.Bxc3 Na5
16.Nd2 Qb6 17.Qg4 g6 18.Ne4 Kf8 19.Bb4 Bxb4 20.axb4 Qxb4 21.Qf4 Nb3 22.Qh6+ Ke7
23.Qg5+ Kf8 24.Qf6 Kg8 25.Rad1 Rf8 26.h4 h5 27.Nd6 Rh6 28.Qg5 Kg7 29.Qe7 Nc5
30.Re3 Bc6 31.Bc4 Qxb2 32.Qf6+ Kg8 33.Nxf7 Rh7 34.Rg3 Be4 35.Rxg6+ Bxg6 36.Qxg6+ Rg7
37.Nh6+ Kh8 38.Qxh5 Qc2 39.Ng4+ Qh7 40.Qxh7+ Rxh7 41.Nf6 Rxh4 42.Be2 Ne4
43.g3 Nxf6 44.gxh4 Nd5 45.Bg4 Rg8 46.Rd4 Ne7 47.Kf1 Nc6 48.Re4 Re8 49.f4 Kg7
50.Rc4 Re7 51.Ke2 Kf7 52.Bf3 Na5 53.Ra4 Nb3 54.f5 exf5 55.Bd5+ Kg6 56.Bxb3 Rxe5+
57.Kf3 Re4 58.Ra5 Rxh4 59.Bc2 b5 60.Rxa6+ Kg5 61.Rb6 Rh3+ 62.Ke2 Rh2+ 63.Kd1 Rh1+
64.Kd2 Rh2+ 65.Kc3 Rh3+ 66.Bd3 f4 67.Rxb5+ Kg4 68.Kd4 Re3 69.Rb8 Re7 70.Be2+  1/2-1/2

[Event "Ashkhabad"]
[Site "Ashkhabad"]
[Date "1996.??.??"]
[Round "9"]
[White "Iuldachev, Saidali"]
[Black "Batyrow, Sapar"]
[Result "0-1"]
[WhiteElo "2495"]
[BlackElo "2360"]

1.e4 c5 2.c3 Nf6 3.e5 Nd5 4.Nf3 Nc6 5.Bc4 Nb6 6.Bb3 g6 7.d4 cxd4 8.cxd4 Bg7
9.Nc3 O-O 10.O-O d6 11.exd6 Qxd6 12.d5 Na5 13.Re1 Nxb3 14.Qxb3 e6 15.dxe6 Bxe6
16.Qd1 Qxd1 17.Rxd1 Nc4 18.Nd4 Bg4 19.f3 Rad8 20.fxg4 Bxd4+ 21.Kf1 Bxc3 22.Rxd8 Rxd8
23.bxc3 Rd1+ 24.Ke2 Rg1 25.Kf2 Rh1 26.h3 f6 27.Bb2 Rxa1 28.Bxa1 Kf7 29.Ke2 Ke6
30.Kd3 Kd5  0-1

[Event "GRE-chT"]
[Site "Athens"]
[Date "1996.??.??"]
[Round "5"]
[White "Kouvatsou, Maria"]
[Black "Petraki, Maria"]
[Result "0-1"]
[WhiteElo "2145"]
[BlackElo "2120"]

1.e4 c5 2.c3 Nf6 3.e5 Nd5 4.d4 cxd4 5.Nf3 Nc6 6.Bc4 Nb6 7.Bb3 d6 8.exd6 Qxd6
9.O-O g6 10.Ng5 e6 11.Qf3 Qe7 12.Bf4 h6 13.Ne4 e5 14.Re1 f5 15.Ned2 Bg7 16.h4 Bd7
17.cxd4 Nxd4 18.Qg3 g5 19.hxg5 O-O-O 20.Qc3+ Bc6 21.g6 Qd6 22.Bh2 Qxg6 23.Qg3 Qxg3
24.Bxg3 Rhe8 25.Bd1 Bf6 26.Nc3 Rg8 27.Rf1 Rdf8 28.Nb3 f4  0-1

[Event "POL-chT"]
[Site "Augustow"]
[Date "1996.??.??"]
[Round "?"]
[White "Rozentalis, Eduardas"]
[Black "Jaracz, Pawel"]
[Result "1-0"]
[WhiteElo "2605"]
[BlackElo "2405"]

1.e4 c5 2.c3 Nf6 3.e5 Nd5 4.Nf3 Nc6 5.Bc4 Nb6 6.Bb3 d5 7.exd6 Qxd6 8.O-O Bf5
9.d4 cxd4 10.Nxd4 Nxd4 11.cxd4 Bxb1 12.Rxb1 e6 13.Qf3 Qd7 14.Re1 Bb4 15.Re4 Nd5
16.Re5 Ne7 17.Qg4 Ng6 18.Re2 h5 19.Qe4 Be7 20.d5 exd5 21.Bxd5 Rd8 22.Bb3 Qg4
23.Qxg4 hxg4 24.Bg5 Kf8 25.Bxe7+ Nxe7 26.Re4 f5 27.Re5 g6 28.Re6 Rh7 29.Rc1 Rd7
30.g3 Rf7 31.Rce1 a6 32.Rb6 Rh7 33.Ree6 Kg7 34.Ba4 Rc7 35.Be8 g5 36.Ba4 f4
37.Rbd6 Nf5 38.Rg6+ Kf8 39.Rd1 Rhg7 40.Rxg7 Kxg7 41.Rd7+ Rxd7 42.Bxd7 Nd6
43.Bxg4 fxg3 44.fxg3 a5 45.Kf2 Nc4 46.b3 Ne5 47.Be2 Kf6 48.Ke3 Kf5 49.Kd4 g4
50.Kd5 b6 51.a4 Kf6 52.Ke4  1-0

[Event "AUT-chT2W 9596"]
[Site "Austria"]
[Date "1996.??.??"]
[Round "?"]
[White "Atlas, Dimitry"]
[Black "Reich, Thomas"]
[Result "0-1"]
[WhiteElo "2350"]
[BlackElo "2400"]

1.e4 c5 2.c3 Nf6 3.e5 Nd5 4.g3 Nc6 5.Bg2 e6 6.Nf3 d6 7.exd6 Bxd6 8.O-O O-O
9.d4 cxd4 10.cxd4 b6 11.Nc3 Nxc3 12.bxc3 Ba6 13.Re1 Rc8 14.Ng5 Ne7 15.Be4 g6
16.Qg4 h5 17.Qf3 Bc4 18.g4 hxg4 19.Qxg4 Kg7 20.d5 exd5 21.Bc2 Bc5 22.Bf4 Rc6
23.Rad1 Qc8 24.Qg3 Nf5 25.Qg4 Bd6 26.Bxd6 Rxd6 27.Re5 Nh6 28.Qxc8 Rxc8 29.Re7 Kf6  0-1

[Event "AUT-chT2O 9697"]
[Site "Austria"]
[Date "1996.??.??"]
[Round "?"]
[White "Todor, Razvan"]
[Black "Neumeier, Klaus"]
[Result "1/2-1/2"]
[WhiteElo "2115"]
[BlackElo "2305"]

1.e4 c5 2.c3 Nf6 3.e5 Nd5 4.g3 d6 5.exd6 Qxd6 6.Bg2 Nc6 7.Nf3 g6 8.O-O Bg7
9.Na3 Nc7 10.Re1 O-O 11.Nc4 Qd8 12.Nce5 Nxe5 13.Nxe5 Ne6 14.Qe2 Qc7 15.Bd5 Rd8
16.Bc4 Bxe5 17.Qxe5 Qxe5 18.Rxe5 b6 19.Rb1 Kg7 20.b4 Kf6 21.Re3 cxb4 22.Rxb4 h5
23.Bb3 Nc7 24.Ba3 Be6 25.Rf4+ Kg7 26.Bxe7 Rxd2 27.Bf6+ Kg8 28.Rd4  1/2-1/2

[Event "AUT-chT2W 9596"]
[Site "Austria"]
[Date "1996.??.??"]
[Round "?"]
[White "Atlas, Dimitry"]
[Black "Lanka, Zigurds"]
[Result "0-1"]
[WhiteElo "2350"]
[BlackElo "2510"]

1.e4 c5 2.c3 Nf6 3.e5 Nd5 4.d4 cxd4 5.cxd4 d6 6.Nf3 Nc6 7.Bc4 dxe5 8.Nxe5 e6
9.O-O Be7 10.Nxc6 bxc6 11.Nc3 O-O 12.Qf3 Qb6 13.Rd1 Ba6 14.Bxa6 Qxa6 15.Ne4 Qb6
16.b3 a5 17.Bg5 f6 18.Bc1 a4 19.Rb1 axb3 20.axb3 f5 21.Nc3 Bf6 22.Nxd5 cxd5
23.Qd3 Ra2 24.Rb2 Ra1 25.Rbd2 h6 26.g3 Kh8 27.Qc3 Raa8 28.Rd3 Rfc8 29.Qb2 Rc6
30.Bf4 Rac8 31.Qe2 Rc2 32.Qe3 Kh7 33.h4 Rb2 34.Re1 Rcc2 35.Rf1 Re2 36.Qf3 Bxd4  0-1

[Event "AUT-chT2O 9697"]
[Site "Austria"]
[Date "1996.??.??"]
[Round "?"]
[White "Tibensky, Robert"]
[Black "Videki, Sandor"]
[Result "0-1"]
[WhiteElo "2425"]
[BlackElo "2460"]

1.e4 c5 2.c3 Nf6 3.e5 Nd5 4.Nf3 Nc6 5.Bc4 Nb6 6.Bb3 c4 7.Bc2 Qc7 8.Qe2 g5
9.h3 Bg7 10.O-O h6 11.Re1 d6 12.exd6 Qxd6 13.d4 cxd3 14.Bxd3 Be6 15.Na3 Rd8
16.Bc2 a6 17.Nd2 Nd5 18.Ne4 Qc7 19.Ng3 Nxc3 20.bxc3 Bxc3 21.Be3 Qa5 22.Nc4 Bxc4
23.Qxc4 Bxe1 24.Bb3 Rf8 25.Ne4 Bb4 26.a3 Qe5 27.Rb1 Bd6 28.g3 f5 29.Nxd6+ Rxd6
30.Bc5 Rd7 31.Qc1 Rf6 32.Ba4 Qe4 33.Bc2 Qd5 34.Bb3 Qe4 35.Qf1 Ne5 36.Qg2 Nf3+
37.Kh1  0-1

[Event "AUT-chT2W 9596"]
[Site "Austria"]
[Date "1996.??.??"]
[Round "?"]
[White "Doskocil, Klaus"]
[Black "Hardicsay, Peter"]
[Result "1/2-1/2"]
[WhiteElo "2355"]
[BlackElo "2365"]

1.e4 c5 2.c3 Nf6 3.e5 Nd5 4.Nf3 e6 5.d4 cxd4 6.cxd4 Qc7 7.Be2 d6 8.O-O Bd7
9.Nbd2 Bc6 10.Nc4 Nd7 11.Bd2 dxe5 12.Ncxe5 Nxe5 13.dxe5 Be7 14.Rc1 Rc8 15.Qb3 O-O
16.Qc4 Qb6 17.Qg4 Kh8 18.Qd4  1/2-1/2

[Event "AUT-chT2S 9697"]
[Site "Austria"]
[Date "1996.??.??"]
[Round "1"]
[White "Schigan, Manfred"]
[Black "Horvath, Gyula"]
[Result "1/2-1/2"]
[WhiteElo "2450"]
[BlackElo "2255"]

1.e4 c5 2.c3 Nf6 3.e5 Nd5 4.d4 cxd4 5.Qxd4 e6 6.Nf3 Nc6 7.Qe4 f5 8.Qe2 Qc7
9.g3 Nde7 10.Na3 Ng6 11.Nb5 Qb8 12.Bf4 a6 13.Nbd4 Nxd4 14.Nxd4 b5 15.Bg2 Bb7
16.O-O Bxg2 17.Kxg2 Qb7+ 18.Qf3 Qxf3+ 19.Kxf3 Be7 20.h4 Kf7 21.Rad1 Rhc8
22.Nb3 Ra7 23.h5 Nxf4 24.Kxf4 a5 25.Nd2 Rc5 26.Rfe1 Ke8 27.Nb3 Rc8 28.Nd2 b4
29.c4 a4 30.Re2 Ra5 31.Rc1 Kf7 32.Nf3 Rac5 33.b3 d5 34.exd6 Bxd6+ 35.Ke3 Kf6
36.Rd1 R5c6 37.Red2 Bc5+ 38.Ke2 axb3 39.axb3 Ra8 40.Nd4 Rd6 41.Nb5 Rxd2+
42.Rxd2 Ra1 43.Nc7 Rb1 44.Na6 Be7 45.c5 Ra1 46.Nxb4 Bxc5 47.Nd3 Bd4 48.Rc2 Rb1
49.Rc4 e5 50.f4 Ke6 51.fxe5 Bxe5 52.Rc6+ Bd6 53.Rb6 Kd7 54.Nf4 Rb2+ 55.Kd3 Bc7
56.Rb5 Kc6 57.Kc3 Rf2 58.Rxf5 Rf3+ 59.Kc4 Rxg3 60.Rc5+ Kd7 61.Nd3 Bd6 62.Ra5 Rg4+
63.Kc3 Bc7 64.Rc5 Bd6 65.Ra5 Rg3 66.Kc4 Rg4+ 67.Kc3 Bc7 68.Rc5 Bb6 69.Ne5+ Ke6
70.Rc6+  1/2-1/2

[Event "AUT-chT9697"]
[Site "Austria"]
[Date "1996.??.??"]
[Round "1"]
[White "Huber, Wolfgang"]
[Black "Wittmann, Walter"]
[Result "0-1"]
[WhiteElo "2220"]
[BlackElo "2370"]

1.e4 c5 2.c3 Nf6 3.e5 Nd5 4.Nf3 e6 5.Bc4 Nb6 6.Bb3 d5 7.d4 Nc6 8.O-O cxd4
9.cxd4 Be7 10.Nc3 Bd7 11.Bc2 a6 12.a3 Rc8 13.Qd3 h6 14.b3 Na7 15.Bd2 Na8
16.Rfc1 g6 17.Qe3 Nc7 18.Bd3 Ncb5 19.Nxb5 Rxc1+ 20.Rxc1 Bxb5 21.a4 Bxd3 22.Qxd3 Nc6
23.g3 Kf8 24.Kg2 Qb6 25.Rc2 Kg7 26.Rc1 Ba3 27.Rb1 Bb4 28.Bxb4 Qxb4 29.Rc1 Rc8
30.Rc5 Ne7 31.Rxc8 Nxc8 32.h4 Ne7 33.Qe3 Nf5 34.Qd3 h5 35.Kh2 Qa3 36.Qc3 b5
37.axb5 axb5 38.Qc7 Qb2 39.Kg1 Nxd4 40.Ng5 Qb1+ 41.Kg2 Qf5 42.b4 Ne2 43.f3 Nd4
44.Qd6 Nc2 45.Kf2 Na3 46.Qe7 Nc4 47.Qc7 Nxe5 48.Qc3 Qf6 49.Kg2 Nc4  0-1

[Event "AUT-chT2S 9697"]
[Site "Austria"]
[Date "1996.??.??"]
[Round "1"]
[White "Reichmann, Egon"]
[Black "Wegerer, Fred"]
[Result "1/2-1/2"]
[WhiteElo "2320"]
[BlackElo "2275"]

1.e4 c5 2.c3 Nf6 3.e5 Nd5 4.d4 cxd4 5.Nf3 b6 6.Bc4 Bb7 7.O-O e6 8.cxd4 Be7
9.Bxd5 Bxd5 10.Nc3 Bb7 11.d5 exd5 12.Nd4 O-O 13.Nf5 g6 14.Qg4 f6 15.Bh6 Rf7
16.Bf4 Bf8 17.Nd6 Bxd6 18.exd6 d4 19.Nb5 Nc6 20.Rfe1 Qf8 21.Qd1 g5 22.Bg3 f5
23.f3 f4 24.Bf2 a6 25.Nxd4 Qxd6 26.Nxc6 Qxd1 27.Raxd1 Bxc6 28.Bxb6 Rb8 29.Bd4 h6  1/2-1/2

[Event "AUT-chT2O 9697"]
[Site "Austria"]
[Date "1996.??.??"]
[Round "2"]
[White "Lehner, Oliver"]
[Black "Jansa, Vlastimil"]
[Result "0-1"]
[WhiteElo "2250"]
[BlackElo "2500"]

1.e4 c5 2.c3 Nf6 3.e5 Nd5 4.d4 cxd4 5.Nf3 e6 6.cxd4 b6 7.Nc3 Nxc3 8.bxc3 Qc7
9.Bd2 d6 10.Bd3 Nd7 11.Ng5 Bb7 12.Qh5 g6 13.Qh3 Be7 14.exd6 Qxd6 15.O-O Rc8
16.f4 f5 17.Rae1 Bxg5 18.fxg5 O-O 19.Rf2 Bd5 20.Ba6 Rce8 21.Bb5 e5 22.c4 Bc6
23.Qb3 Bxb5 24.cxb5+ Qe6 25.dxe5 Qxb3 26.axb3 Rxe5 27.Rxe5 Nxe5 28.Bc3 Nd3
29.Rd2 Rd8 30.h4 Kf7 31.Kf1 Rd7 32.b4 Ne5 33.Re2 Nc4 34.Bf6 Nd2+ 35.Ke1 Ne4
36.Ba1 Ke6 37.g4 Rd5 38.Ra2 fxg4 39.Kf1 g3 40.Rxa7 Kf5  0-1

[Event "AUT-chT9697"]
[Site "Austria"]
[Date "1996.??.??"]
[Round "3"]
[White "Schroll, Gerhard"]
[Black "Loebler, Heimo"]
[Result "1-0"]
[WhiteElo "2380"]
[BlackElo "2275"]

1.e4 c5 2.c3 Nf6 3.e5 Nd5 4.g3 d6 5.exd6 Qxd6 6.Bg2 Nc6 7.Ne2 e6 8.O-O Be7
9.Na3 O-O 10.d4 cxd4 11.Nxd4 Nxd4 12.Qxd4 Rd8 13.Rd1 Bf6 14.Qg4 Qe7 15.Qe2 Bd7
16.Bxd5 exd5 17.Qxe7 Bxe7 18.Nc2 Bg4 19.Re1 Bf6 20.Be3 Bf5 21.Rac1 Re8 22.Red1 Be4
23.Rd2 Red8 24.Kf1 g5 25.Ke2 g4 26.Ne1 h5 27.f3 Bf5 28.Kf2 Be7 29.Rcd1 Be6
30.a3 b5 31.Ng2 Bd6 32.Bd4 Be7 33.Nf4 Bg5 34.Nxe6 fxe6 35.Re2 Kf7 36.Rde1 Re8
37.Re5 Bf6 38.Rxh5 Bxd4+ 39.cxd4 gxf3 40.Kxf3 Kg6 41.Rhe5 Kf6 42.g4 Rac8
43.h4 b4 44.g5+ Kf7 45.Kg4 Rc4 46.Rf1+ Ke7 47.Rf4 bxa3 48.bxa3 Rb8 49.g6 Rb1
50.Rg5 Rg1+ 51.Kh5  1-0

[Event "AUT-chT2W 9697"]
[Site "Austria"]
[Date "1996.??.??"]
[Round "3"]
[White "Doskocil, Klaus"]
[Black "Laube, Bernhard"]
[Result "1/2-1/2"]
[WhiteElo "2240"]
[BlackElo "2290"]

1.e4 c5 2.c3 Nf6 3.e5 Nd5 4.Nf3 e6 5.Be2 Be7 6.d4 cxd4 7.cxd4 b6 8.O-O Ba6
9.Nc3 Nxc3 10.bxc3 O-O 11.Bxa6 Nxa6 12.Qd3 Nc7 13.c4 d5 14.exd6 Qxd6 15.Re1 Rfd8
16.Bb2 Bf6 17.Rad1 g6 18.h4 Rac8 19.Ng5 Bg7 20.Qf3 Qd7 21.h5 Qe7 22.Ne4 f5
23.Ng3 Qb4 24.Qe2 Rd7 25.Rd2 Rcd8 26.Red1 b5 27.cxb5 Qxb5 28.Qe3 Qd5 29.hxg6 hxg6
30.Ne2 Qe4 31.Qxe4 fxe4 32.Ng3 Nb5 33.Nxe4 Nxd4 34.Bxd4 Rxd4 35.Rxd4 Bxd4
36.Kf1 e5 37.Ng5 Rc8 38.Nf3 Rc2 39.Nxd4 exd4 40.Rxd4 Rxa2 41.Rd7  1/2-1/2

[Event "AUT-chT2O 9697"]
[Site "Austria"]
[Date "1996.??.??"]
[Round "3"]
[White "Wadsack, Wolfgang"]
[Black "Heimberger, Reinhard"]
[Result "0-1"]
[WhiteElo "2220"]
[BlackElo "2245"]

1.e4 c5 2.c3 Nf6 3.e5 Nd5 4.d4 cxd4 5.cxd4 Nc6 6.Nf3 d6 7.Nc3 dxe5 8.dxe5 Nxc3
9.Qxd8+ Nxd8 10.bxc3 Bd7 11.Be3 g6 12.Be2 Bg7 13.O-O Nc6 14.Rab1 b6 15.Bf4 O-O
16.Rfd1 Be6 17.Bb5 Na5 18.Ng5 Bxa2 19.Ra1 Bb3 20.Rd7 f6 21.Nf3 fxe5 22.Bxe5 Rxf3
23.Bxg7 Rf5 24.Bd3 Rd5 25.Rxd5 Bxd5 26.Bh6 Rc8 27.Ra3 e5 28.h4 Kf7 29.Be2 Rc7
30.h5 Bb3 31.hxg6+ hxg6 32.Bd2 Bc4 33.Bf3 Be6 34.Be2 Nb3 35.Be1 a5 36.f3 Nc1
37.Ba6 Bc4 38.Bxc4+ Rxc4 39.Bg3 Ne2+ 40.Kf2 Rxc3 41.Rxc3 Nxc3 42.Bxe5 Nd5
43.Ke2 Ke6 44.Bg7 Nf4+ 45.Kf2 Kd5  0-1

[Event "AUT-chT9596"]
[Site "?"]
[Date "1996.??.??"]
[Round "?"]
[White "Grabher, Heinz"]
[Black "Balinov, Ilija"]
[Result "0-1"]
[WhiteElo "2260"]
[BlackElo "2360"]

1.e4 c5 2.c3 Nf6 3.e5 Nd5 4.d4 cxd4 5.cxd4 e6 6.Nf3 b6 7.Bd3 Bb4+ 8.Bd2 Bxd2+
9.Nbxd2 Ba6 10.Ne4 O-O 11.Nfg5 h6 12.h4 f5 13.exf6 Nxf6 14.Qe2 Nxe4 15.Nxe4 Bxd3
16.Qxd3 Nc6 17.O-O-O d5 18.Ng3 Rxf2 19.Rhe1 Qxh4 20.Rxe6 Rc8 21.Kb1 Nxd4
22.Qxd4 Qxg3 23.Qxd5 Kh8 24.Rde1 Rcf8 25.Qd4 Qf4 26.Qxf4 R8xf4 27.g3 Rg4
28.Re7 Rxg3 29.Rxa7 Rgg2 30.Ka1 Rxb2  0-1

[Event "AUT-chT9596"]
[Site "?"]
[Date "1996.??.??"]
[Round "?"]
[White "Woeber, Friedrich"]
[Black "Rigo, Janos"]
[Result "1/2-1/2"]
[WhiteElo "2225"]
[BlackElo "2300"]

1.e4 c5 2.c3 Nf6 3.e5 Nd5 4.Nf3 e6 5.d4 cxd4 6.cxd4 b6 7.Nc3 Bb7 8.Bd3 Be7
9.O-O Nxc3 10.bxc3 d6 11.Re1 Nd7 12.Bf4 dxe5 13.Nxe5 O-O 14.Re3 Nxe5 15.Bxe5 g6
16.Rh3 Bf6 17.Qd2 Qd5 18.f4 Bxe5 19.fxe5 f5 20.exf6 Rxf6 21.Re1 Raf8 22.Rf1 Rxf1+
23.Bxf1 Qf5 24.Bd3 Be4 25.Rf3  1/2-1/2

[Event "AUT-chT2S 9596"]
[Site "AUT"]
[Date "1996.??.??"]
[Round "?"]
[White "Probat, Bernd"]
[Black "Pilaj, Herwig"]
[Result "1/2-1/2"]
[WhiteElo "1990"]
[BlackElo "2125"]

1.e4 c5 2.c3 Nf6 3.e5 Nd5 4.g3 d6 5.exd6 e6 6.Bg2 Bxd6 7.Nf3 Nc6 8.Na3 O-O
9.O-O b6 10.Nc2 Bb7 11.d4 cxd4 12.Ncxd4 Nxd4 13.Nxd4 Rc8 14.Qe2 Qe7 15.Re1 Rfe8
16.Qd1 Bc5 17.Nb3 Bd6 18.Nd4 Bc5 19.Nb3 Bd6 20.a4 a6 21.Qe2 Nf6 22.Bxb7 Qxb7
23.Rd1 Be7 24.Nd4 Bc5 25.Nb3 Be7 26.Nd4 Bc5 27.Nb3 Be7  1/2-1/2

[Event "AUT-chT2S 9596"]
[Site "AUT"]
[Date "1996.??.??"]
[Round "?"]
[White "Hrastnik, H."]
[Black "Ebner, Walter"]
[Result "1-0"]
[WhiteElo "2085"]
[BlackElo "2185"]

1.e4 c5 2.c3 Nf6 3.e5 Nd5 4.d4 cxd4 5.Nf3 e6 6.Bd3 dxc3 7.O-O cxb2 8.Bxb2 Nc6
9.Nbd2 Be7 10.Ne4 O-O 11.h4 Bxh4 12.g3 Be7 13.Kg2 b6 14.Rh1 h6 15.Bc1 f5
16.exf6 Nxf6 17.Bxh6 Bb7 18.Bxg7 Kxg7 19.Qd2 Ng4 20.Rh7+ Kg8 21.Rah1 Bf6
22.Qf4 Nce5 23.Nxe5 Nxe5 24.Qh6 Qe8  1-0

[Event "Bad Woerishofen op"]
[Site "Bad Woerishofen"]
[Date "1996.??.??"]
[Round "3"]
[White "Oschetzki, Stefan"]
[Black "Wells, Peter K"]
[Result "0-1"]
[WhiteElo "2185"]
[BlackElo "2500"]

1.e4 c5 2.c3 Nf6 3.e5 Nd5 4.d4 cxd4 5.cxd4 b6 6.Nf3 e6 7.Nc3 Nxc3 8.bxc3 Qc7
9.Bd2 d6 10.Bd3 Nd7 11.O-O dxe5 12.Qa4 Bd6 13.dxe5 Be7 14.Nd4 Bb7 15.Rfe1 a6
16.Be4 Bxe4 17.Rxe4 O-O 18.Rg4 Nxe5 19.Bf4 Bd6 20.Rh4 Ng6 21.Bxd6 Qxd6 22.Re4 Qd5
23.Rae1 Rfc8 24.Qb4 Rc4 25.Qb3 b5 26.h4 Rac8 27.Qd1 Rxc3 28.h5 Qxe4  0-1

[Event "Bad Woerishofen op"]
[Site "Bad Woerishofen"]
[Date "1996.??.??"]
[Round "3"]
[White "Proehl, Holger"]
[Black "Cvitan, Ognjen"]
[Result "1/2-1/2"]
[WhiteElo "2300"]
[BlackElo "2540"]

1.e4 c5 2.c3 Nf6 3.e5 Nd5 4.g3 d6 5.exd6 e6 6.Bg2 Bxd6 7.Nf3 Nc6 8.O-O O-O
9.d4 Qc7 10.c4 Nb6 11.Na3 a6 12.Be3 cxd4 13.Nxd4 Bxa3 14.Nxc6 Nxc4 15.Qb3 Nxe3
16.Qxa3 bxc6 17.Qxe3 Rb8 18.b3 Bd7  1/2-1/2

[Event "Bad Woerishofen op"]
[Site "Bad Woerishofen"]
[Date "1996.??.??"]
[Round "5"]
[White "Pirrot, Dieter"]
[Black "Cvitan, Ognjen"]
[Result "0-1"]
[WhiteElo "2405"]
[BlackElo "2540"]

1.e4 c5 2.c3 Nf6 3.e5 Nd5 4.d4 cxd4 5.Nf3 e6 6.cxd4 d6 7.Bc4 Nc6 8.O-O Be7
9.Qe2 O-O 10.Qe4 Qc7 11.Bd3 f5 12.exf6 Nxf6 13.Qe2 a6 14.Nc3 d5 15.a3 Bd6
16.Bg5 Ng4 17.h3 Nh2 18.Nxh2 Bxh2+ 19.Kh1 Bf4 20.Bxf4 Qxf4 21.Qc2 Nxd4 22.Bxh7+ Kh8
23.Qd3 Nc6 24.Qb1 Bd7 25.Bd3 Ne5 26.Ne2 Qd2 27.Rd1 Qh6 28.Kg1 Rac8 29.a4 g5
30.Ra3 Qh4 31.Rf1 g4 32.Bxa6 Nf3+ 33.gxf3 gxf3 34.Kh2 fxe2  0-1

[Event "Bad Woerishofen op"]
[Site "Bad Woerishofen"]
[Date "1996.??.??"]
[Round "9"]
[White "Hermann, Manfred"]
[Black "Wells, Peter K"]
[Result "1/2-1/2"]
[WhiteElo "2385"]
[BlackElo "2495"]

1.e4 c5 2.c3 Nf6 3.e5 Nd5 4.d4 cxd4 5.Nf3 e6 6.cxd4 b6 7.Nc3 Nxc3 8.bxc3 Qc7
9.Bd2 d6 10.Bd3 Nd7 11.Ng5 Bb7 12.f4 Be7 13.Ne4 O-O-O 14.Qe2 dxe5 15.fxe5 Nxe5
16.dxe5 Rxd3 17.Qxd3 Qxe5 18.O-O Bxe4 19.Qe2 f5 20.Bf4 Qc5+ 21.Be3 Qc7 22.a4 Bd6
23.a5 Bxh2+ 24.Kh1 Be5 25.axb6 axb6 26.Bd4 Bd6 27.Ra6 Bc5 28.Rfa1 Rd8 29.Ra7 Bb7
30.Bxc5 Qxc5 31.Qxe6+ Kb8 32.Qe2 Qd5 33.R1a4 Qd3 34.Qe5+ Qd6 35.Qxf5 Qh6+
36.Kg1 Qe3+ 37.Kh2 Qh6+ 38.Kg1 Qe3+ 39.Kf1  1/2-1/2

[Event "Bagneux"]
[Site "Bagneux"]
[Date "1996.??.??"]
[Round "1"]
[White "Ippolito, Manuel"]
[Black "De Sousa, Jose"]
[Result "1/2-1/2"]
[WhiteElo "2280"]
[BlackElo "2265"]

1.e4 c5 2.c3 Nf6 3.e5 Nd5 4.d4 cxd4 5.cxd4 e6 6.Nf3 b6 7.Nc3 Nxc3 8.bxc3 Qc7
9.Bd2 d6 10.Bd3 Nd7 11.Ng5 Bb7 12.f4 Be7 13.Ne4 Bh4+ 14.g3 Be7 15.Qe2 O-O
16.O-O  1/2-1/2

[Event "Baku Cup"]
[Site "Baku"]
[Date "1996.??.??"]
[Round "?"]
[White "Zulfugarli, Magomed"]
[Black "Sideif Sade, Fikret I"]
[Result "1/2-1/2"]
[WhiteElo "2325"]
[BlackElo "2425"]

1.e4 c5 2.c3 Nf6 3.e5 Nd5 4.Nf3 e6 5.Bc4 d6 6.d4 Nc6 7.O-O cxd4 8.cxd4 Be7
9.Qe2 O-O 10.Rd1 Bd7 11.Qe4 Rc8 12.Bd3 f5 13.exf6 Nxf6 14.Qe2 Nb4 15.Bc4 d5
16.Bb3 Bd6 17.Nc3 a6 18.a3 Nc6 19.Bc2 Rc7 20.Bg5 Re8 21.Bh4 Nh5 22.Bg3 Nxg3
23.hxg3 g6 24.Rac1 Bc8 25.b4 Rg7 26.Qd2 Qc7 27.Bb1 Rd8 28.Ba2 Kh8 29.Re1  1/2-1/2

[Event "Balatonbereny IM-A"]
[Site "Balatonbereny"]
[Date "1996.??.??"]
[Round "3"]
[White "Vajda, Levente"]
[Black "Horvath, Adam"]
[Result "1-0"]
[WhiteElo "2370"]
[BlackElo "2250"]

1.e4 c5 2.c3 Nf6 3.e5 Nd5 4.d4 cxd4 5.Nf3 e6 6.cxd4 b6 7.a3 Be7 8.Bd3 Ba6
9.O-O O-O 10.b4 Bxd3 11.Qxd3 d6 12.Nbd2 dxe5 13.dxe5 Nd7 14.Ne4 h6 15.Bb2 a5
16.b5 Nc5 17.Nxc5 Bxc5 18.g3 Nc7 19.Qe2 a4 20.Bc3 Qd7 21.Rfb1 Rfd8 22.Ne1 Nd5
23.Bd2 Nc7 24.Bc3 Nd5 25.Bd2 Bd4 26.Ra2 Qc7 27.Nf3 Nc3 28.Bxc3 Qxc3 29.Nd2 Bxe5
30.Nc4 Bc7 31.Rc2 Qd4 32.Nb2 Qd6 33.Qc4 Rdc8 34.Rbc1 Qxa3 35.Qe4 Ra7 36.Nd3 Rd8
37.Nb4 Rd7 38.Nc6 Rb7 39.Ne5 Bxe5 40.Rc8+ Qf8 41.Rxf8+ Kxf8 42.Rc8+ Ke7 43.Qxe5 g6
44.Qh8 h5 45.Re8+ Kd6 46.Qd4+ Kc7 47.Qe5+  1-0

[Event "Balatonbereny IM-B"]
[Site "Balatonbereny"]
[Date "1996.??.??"]
[Round "7"]
[White "Werner, Veronika"]
[Black "Farago, Sandor"]
[Result "1-0"]
[WhiteElo "2210"]
[BlackElo "2365"]

1.e4 c5 2.c3 Nf6 3.e5 Nd5 4.d4 cxd4 5.Nf3 Nc6 6.Bc4 Nb6 7.Bb3 d5 8.exd6 Qxd6
9.O-O Bf5 10.Nxd4 Nxd4 11.cxd4 e6 12.Nc3 Be7 13.Qf3 Qd7 14.d5 e5 15.h3 O-O
16.Be3 Bg6 17.Rfd1 Bd6 18.Rac1 f5 19.Qe2 Nc8 20.f3 Kh8 21.Bf2 Qe7 22.Nb5 a6
23.Nxd6 Nxd6 24.f4 e4 25.Bd4 Rac8 26.Qe3 b5 27.Be5 Nc4 28.Bxc4 bxc4 29.Qd4 Bh5
30.Re1 Rg8 31.Rxc4 Rxc4 32.Qxc4 Qh4 33.Re3 Bf7 34.Qd4 Qd8 35.Rg3 Bg6 36.Kh2 Qd7
37.Rc3 Bf7 38.d6 h6 39.Rc7 Qe6 40.d7 Rd8 41.Bxg7+ Kh7 42.Bf6  1-0